Fylogenetická a expresná analýza sukcinylsemialdehyddehydrogenáz v rode Trichoderma

Saved in:
Bibliographic Details
Main Author: Lepiavko, Kateryna (Author)
Other Authors: Kryštofová, Svetlana (Thesis advisor)
Format: Manuscript Book
Language:Slovak
Published: 2025
Subjects:
Online Access:http://is.stuba.sk/zp/portal_zp.pl?podrobnosti=171908
Tags: Add Tag
No Tags, Be the first to tag this record!

MARC

LEADER 00000ntm a22000003a 4500
001 stuzp105174
003 SK-STU
005 20250628212411.7
007 ta
008 150427s2015----xo-----f-mn---000-0-slo-d
040 |a STU  |b slo 
041 0 |a slo 
100 1 |a Lepiavko, Kateryna  |u 043000  |4 aut  |U FCHPT Fakulta chemickej a potravinárskej technológie  |T FCHPT Ústav biochémie a mikrobiológie  |X 117401  |U C3000  |Y 101  |7 117401 
242 0 1 |a Phylogenetic and expression analysis of succinic semialdehyde dehydrogenases in genus Trichoderma  |y eng 
245 1 0 |a Fylogenetická a expresná analýza sukcinylsemialdehyddehydrogenáz v rode Trichoderma 
260 |c 2025 
650 4 |a GABA  |2 slo 
650 4 |a Trichoderma  |2 slo 
650 4 |a SSADH  |2 slo 
650 4 |a GABA  |2 eng 
650 4 |a SSADH  |2 eng 
650 4 |a Trichoderma  |2 eng 
700 1 |a Kryštofová, Svetlana  |u 043000  |k Z1  |4 ths  |U FCHPT Fakulta chemickej a potravinárskej technológie  |T FCHPT Ústav biochémie a mikrobiológie  |X 55152  |U C3000  |Y 101  |7 A000055152 
856 4 |u http://is.stuba.sk/zp/portal_zp.pl?podrobnosti=171908